Countries by First and Last Letter - Statistics

General Stats
  • This quiz has been taken 113 times
  • The average score is 10 of 15
Answer Stats
Answer % Correct
Australia
93%
Austria
90%
Albania
85%
Angola
85%
Argentina
83%
Armenia
83%
Algeria
81%
Andorra
81%
Antigua and Barbuda
74%
Saint Kitts and Nevis
52%
Seychelles
52%
Czech Republic
46%
Saint Vincent and the Grenadines
40%
Solomon Islands
39%
Central African Republic
30%
No matching quizzes found
Score Distribution
Percent of People with Each Score
Percentile by Number Answered
Your Score History
You have not taken this quiz